000
00295nam a22001337a 4500
008
181022b xxu||||| |||| 00| 0 eng d
020
_a
9780030237621
041
_a
eng
080
_a
541
100
_a
12
101
_a
KIM
245
_a
Chemistry & Chemical Reactivity
_c
Kotz
942
_2
udc
_c
BK
999
_c
50492
_d
50492